02482cam a2200253 a 450000100090000000300040000900500170001300800410003001000170007102000180008802000180010602000180012404000180014205000200016008200120018024500910019226000340028330000260031750517140034365000430205770000180210070000280211885600820214615067404OSt20170105101201.0071101s2009 nyu 000 0 eng d a 2007045403 a9780805861914 a9780805861921 a9781410615480 aDLCcDLCdDLC00aP94b.H355 200900a17522204aThe handbook of mass media ethics /cedited by Lee Wilkins and Clifford G. Christians. aNew York :bRoutledge,c2009. axiv, 398 p. ;c27 cm.0 aA philosophically based inquiry into the nature of communicating humans / Wayne Woodward -- A short history of media ethics in the United States / John P. Ferre -- Essential shared values and 21st century journalism / Deni Elliott -- Moral development / Renita Coleman and Lee Wilkins -- The search for universals / Clifford G. Christians and Thomas W. Cooper -- Truth and objectivity / Stephen J. A. Ward -- Photojournalism ethics / Julianne H. Newton -- Why diversity is an ethical issue / Ginny Whitehouse -- The ethics of advocacy / Sherry Baker -- The ethics of propaganda and the propaganda of ethics / Jay Black -- Perspectives on pornography demand ethical critique / Wendy Wyatt and Kris E. Bunton -- Violence / Patrick Plaisance -- The eroding boundaries between news and entertainment and what they mean for democratic politics / Bruce A. Williams and Michael X. Delli Carpini -- What can we get away with / Angharad N. Valdivia -- Justice as a journalistic value and goal / David A. Craig -- Transparency in journalism / Stephanie Craft and Kyle Heim -- Conflict of interest enters a new age / Edward Wasserman -- Digital ethics in autonomous systems / Michael Bugeja -- Peace journalism / Seow Ting Lee -- Privacy and the press / Lou Hodges -- Buddhist moral ethics / S. Holly Stocking -- Communitarianism / Mark Fackler -- Freedom of expression and the liberal democratic tradition / G. Stuart Adam -- Feminist media ethics / Linda Steiner -- Media ownership in a corporate age / Matthew P. McAllister and Jennifer M. Proffitt -- Ethical tensions in news making / Sandra L. Borden and Peggy Bowers -- The media in evil circumstances / Robert S. Fortner -- Global media ecology / Mark D. Alleyne. 0aMass mediaxMoral and ethical aspects.1 aWilkins, Lee.1 aChristians, Clifford G.413Table of contents onlyuhttp://www.loc.gov/catdir/toc/ecip084/2007045403.html